| 000 | 01087cab a2200217 4500 | ||
|---|---|---|---|
| 001 | ABS60659 | ||
| 008 | 090401t1999 xxu||||| |||| 00| 0 eng d | ||
| 035 | _a(Sirsi) u93824 | ||
| 041 | _aeng | ||
| 100 | _aHolder, Kevin | ||
| 245 | _aWhy insurers are vexed by construction adjudication | ||
| 260 | _c1999 | ||
| 350 | _a0 | ||
| 490 |
_aCSM _bChartered Surveyor Monthly _v8(9) May 1999, 44(1) |
||
| 520 | _aLooks at the effects of decisions of adjudicators on premiums for many types of insurance, including professional indemnity insurance, employer's liability insurance, public liability insurance and contractor's all risks policies. Examines the reasons why insurers are likely to increase premiums which will be passed on to clients in the form of higher fees and tender prices. Reviews the issues for chartered surveyors. | ||
| 650 | _aMANAGEMENT-DISPUTE AVOIDANCE, MANAGEMENT AND RESOLUTION-DISPUTE MANAGEMENT AND RESOLUTION-ALTERNATIVE DISPUTE RESOLUTION-ADJUDICATION | ||
| 650 | _aINSURANCE PREMIUMS | ||
| 690 |
_aInsurance _96249 |
||
| 942 | _n0 | ||
| 948 | _c08/06/1999 | ||
| 999 |
_c59461 _d59461 |
||